000 00658aam a2200265 4500
005 20260429105813.0
008 150731b1993 xxu||||| |||| 00| 0 spa d
020 _a9806184262
041 _aESP
082 _a617.692 K22d
100 _aKawabe, Seiji
_918062
245 _aDentaduras totales
260 _aVenezuela
260 _bAMOLCA
260 _c1993
300 _a201 páginas
300 _bIlustraciones a blanco y negro
490 _aMecánica Dental
650 _aPRÓTESIS DENTALES
650 _aODONTOLOGÍA ESTÉTICA
650 _aIMPRESIONES DENTALES
650 _aOCLUSIÓN
650 _aMORFOLOGÍA DENTAL
942 _cBK
_2ddc
999 _c493
_d493